000 00390nam a22001697a 4500
003 OSt
008 250331b |||||||| |||| 00| 0 eng d
020 _a9789360532192
082 _a658.4038 PRC
100 _aPRASAD,AS
245 _aCritical and Analytical Thinking
250 _a-
260 _aUtter Pradesh
_bCengage
300 _a360
700 _aAGARWAL,Shilja
942 _2ddc
_cBK
999 _c13184
_d13184